000 00684cam a2200193 4500
001 WB3708-19
008 000000n2001 000 0 eng u
035 _a(Sirsi) u111110
245 _a£45m for Former Coalfield Areas
260 _c2001
490 _aDETR Press Release
_v(074) 14 February 2001, (2)
520 _aGovernment announces a further £45m to fund the Coalfields Regeneration Trust and the regeneration of former coalfield areas until 2005. The Trust provides regeneration of former coalfield areas.
590 _aWB
650 _aCOALFIELDS REGENERATION TRUST
650 _aGRANT SCHEMES
650 _aCOALFIELD AREAS
690 _aREGENERATION
942 _n0
999 _c66198
_d66198